00402pab a2200145 454500008004000000100002000040245006700060260000900127300001500136362000800151650002400159700002300183700001900206773003100225180718b2009 xxu||||| |||| 00| 0 eng d aWilson, Therese aProtection the most vulnerable in consumer credit transactions c2009 ap.117-140. aJun aConsumer protection aSheehan, Genevieve aHowell, Nicola aJournal of Consumer Policy